01121nam a2200193 a 450000100080000000500110000800800410001910000170006024501410007726002980021852002660051665000130078265000150079565300260081065300400083670000180087670000170089470000160091120561042016-11-14 2016 bl uuuu u00u1 u #d1 aPALHA, R. F. aEfeito do tratamento térmico e inoculação de bactérias diazotróficas em mudas pré-brotadas de duas variedades de cana-de-açúcar. aIn: REUNIÃO BRASILEIRA DE FERTILIDADE DO SOLO E NUTRIÇÃO DE PLANTAS, 32.; REUNIÃO BRASILEIRA SOBRE MICORRIZAS, 16.; SIMPÓSIO BRASILEIRO DE MICROBIOLOGIA DO SOLO, 14.; REUNIÃO BRASILEIRA DE BIOLOGIA DO SOLO, 11., FERTBIO 2016. Goiânia. Rumo aos novos desafios: anais. Goiânia: UFGc2016 aO trabalho teve objetivo de avaliar a germinação e o acúmulo de massa seca advindo da aplicação do tratamento térmico curto e da inoculação de bactérias diazotróficas em duas variedades de cana-de-açúcar; RB966928 (precoce) e RB92579 (media tardia). aBiomassa aInoculante aCrescimento de planta aFixação biológica de nitrogênio1 aQUEIROZ, O. A1 aALVES, G. C.1 aREIS, V. M.